Was bedeuten diese beliebten Whatsapp Abkürzungen? - Statistiken

Allgemein
  • Dieses Quiz wurde 4.432 mal gespielt
    4.365 seit der letzten Aktualisierung
  • Das Durchschnittsergebnis liegt bei 18 aus 40
Antwortstatistiken
Hint Antwort % Korrekt
KA Keine Ahnung
97%
KP Kein Plan
95%
KB Kein Bock
90%
WTF What The Fuck
89%
OMG Oh mein Gott
86%
Gumo Guten Morgen
85%
BiDuNoWa Bist du noch wach
84%
LG Liebe Grüße
84%
BTW by the way
80%
lol lachen ohne laute/laughing out loud
80%
OK Okay
79%
KZ Keine Zeit
76%
WG Wie Gehts
75%
DuBiMeiLe Du bist mein Leben
72%
YOLO you only live once
69%
HdM Halt dein Maul
61%
BB Bis Bald
57%
WMD Was machst Du
57%
sus suspect/suspicious
53%
RL real life
52%
CU see you
49%
fps frames per second
35%
f2p Free-to-play
32%
MMN Meiner Meinung nach
32%
ZuInf Zur Information
29%
l2p learn to play
26%
AKLA Alles klar
23%
imho in my humble opinion
8%
inv inventory/Inventar
7%
rofl roll on floor laughing
6%
DAU Dümmste anzunehmende User
4%
Lamito Lach mich tot
4%
BVID Bin verliebt in dich
2%
SIW Soweit ich weiß
2%
C Cuik
1%
EOD Ende der Diskussion
1%
FoF Freund oder Feind
1%
DN du nervst
0%
fg fieses Grinsen
0%
pPkM Persönliches Pech kein Mitleid
0%
Keine übereinstimmenden Quizze gefunden
Verteilung der Resultate
Anzahl Personen mit jedem Resultat
Perzentil nach korrekt beantworteten Fragen
Ihre Resultats-Entwicklung
Sie haben dieses Quiz seit der letzten Aktualisierung nicht gespielt